[Event "Smederevska Palanka"]
[Site "Smederevska Palanka"]
[Date "1979.06.02"]
[Round "1"]
[White "Despotovic, Momcilo"]
[Black "Velimirovic, Dragoljub"]
[Result "1-0"]
[WhiteElo "2365"]
[BlackElo "2515"]
[PlyCount "61"]
[EventDate "1979.06.??"]
[EventType "tourn"]
[EventRounds "13"]
[EventCountry "YUG"]
[EventCategory "8"]
[Source "ChessBase"]
[SourceDate "2000.11.22"]
[WhiteTeamCountry "NED"]
[BlackTeamCountry "YUG"]

1. d4 Nf6 2. c4 c5 3. d5 g6 4. Nc3 Bg7 5. e4 O-O 6. Bg5 d6 7. f3 a6 8. a4 h6 9.
Be3 Nbd7 10. Nh3 Ne5 11. Nf2 e6 12. Be2 exd5 13. cxd5 Rb8 14. Qd2 h5 15. O-O
Qe8 16. h3 b5 17. axb5 axb5 18. f4 Nc4 19. Bxc4 bxc4 20. e5 Nd7 21. Nfe4 dxe5
22. f5 Qd8 23. Qe2 gxf5 24. Rxf5 Nb6 25. Rxh5 f5 26. Nxc5 f4 27. Bf2 Bf5 28.
Ra7 Qe8 29. Rg5 Rf7 30. Rxf7 Qxf7 31. Qxe5 1-0

[Event "Smederevska Palanka"]
[Site "Smederevska Palanka"]
[Date "1979.06.03"]
[Round "2"]
[White "Velimirovic, Dragoljub"]
[Black "Martinovic, Slobodan"]
[Result "1-0"]
[WhiteElo "2515"]
[BlackElo "2410"]
[PlyCount "113"]
[EventDate "1979.06.??"]
[EventType "tourn"]
[EventRounds "13"]
[EventCountry "YUG"]
[EventCategory "8"]
[Source "ChessBase"]
[SourceDate "2000.11.22"]
[WhiteTeamCountry "NED"]
[BlackTeamCountry "YUG"]

1. e4 c5 2. Nf3 d6 3. d4 cxd4 4. Nxd4 Nf6 5. Nc3 Nc6 6. Bc4 Qb6 7. Nb3 e6 8. a4
Be7 9. O-O O-O 10. Bd3 Bd7 11. Be3 Qc7 12. f4 Rfd8 13. Qf3 Nb4 14. h3 e5 15.
Qf2 Be6 16. Nd2 b6 17. Kh1 Qb7 18. Nf3 exf4 19. Bxf4 d5 20. e5 Ne4 21. Qe2 Nxc3
22. bxc3 Nxd3 23. cxd3 Rac8 24. Qd2 Qc6 25. Rfc1 Bf5 26. Nd4 Qg6 27. Rd1 Bc5
28. Nb5 a6 29. Nd6 Rc6 30. Rab1 f6 31. Nxf5 Qxf5 32. exf6 gxf6 33. Rf1 Re8 34.
Bh6 Qg6 35. d4 Bf8 36. Bxf8 Kxf8 37. Qf4 Rce6 38. Rb2 Kg8 39. Rf3 Kh8 40. Rg3
Qh5 41. Kh2 Qf7 42. Qf5 Re3 43. Rxe3 Rxe3 44. Qf4 Re6 45. c4 dxc4 46. d5 Re8
47. d6 Qe6 48. Rxb6 Qe5 49. Qxe5 fxe5 50. Rxa6 c3 51. Rc6 Rd8 52. a5 c2 53. a6
Rxd6 54. a7 Rd8 55. Rxc2 Kg7 56. Ra2 Ra8 57. Ra6 1-0

[Event "Smederevska Palanka"]
[Site "Smederevska Palanka"]
[Date "1979.06.04"]
[Round "3"]
[White "Kuligowski, Adam"]
[Black "Velimirovic, Dragoljub"]
[Result "1/2-1/2"]
[WhiteElo "2495"]
[BlackElo "2515"]
[PlyCount "127"]
[EventDate "1979.06.??"]
[EventType "tourn"]
[EventRounds "13"]
[EventCountry "YUG"]
[EventCategory "8"]
[Source "ChessBase"]
[SourceDate "2000.11.22"]
[WhiteTeamCountry "NED"]
[BlackTeamCountry "YUG"]

1. c4 c5 2. Nf3 g6 3. d4 cxd4 4. Nxd4 Bg7 5. e4 Nc6 6. Be3 Nf6 7. Nc3 d6 8. Be2
Nd7 9. O-O O-O 10. Qd2 Nc5 11. Rad1 Bd7 12. f4 Na4 13. Ndb5 a6 14. Nxa4 axb5
15. Nb6 Rxa2 16. e5 b4 17. Nxd7 Qxd7 18. c5 b3 19. Qc3 Na5 20. cxd6 exd6 21.
Rd5 Qc6 22. Qxc6 Nxc6 23. Rxd6 Rxb2 24. Bc4 Rc2 25. Bd3 Ra2 26. Bc4 Na5 27. Bd5
b5 28. Bd4 Nc4 29. Rd7 Rd2 30. Bc5 Rc8 31. Bxf7+ Kh8 32. e6 b2 33. Bb4 Ne3 34.
Rxd2 Nxf1 35. Rxb2 Rc1 36. Kf2 Bd4+ 37. Kf3 Nxh2+ 38. Kg3 Nf1+ 39. Kh3 Kg7 40.
Re2 Ne3 41. Re1 Rxe1 42. Bxe1 Nd5 43. Be8 b4 44. e7 Bc5 45. Bxg6 Bxe7 46. Be4
Nxf4+ 47. Kg4 Ng6 48. Kf5 Bc5 49. Bc2 Bf8 50. g4 Bc5 51. Bb3 Nh8 52. Bd2 Nf7
53. Ke6 Nh8 54. Kd5 Be7 55. Kc4 Ng6 56. Bxb4 Bxb4 57. Kxb4 Kf6 58. Kc3 Kg5 59.
Bd1 Kf4 60. Kd2 h6 61. Ke1 Kg3 62. Kf1 Nf4 63. Be2 Ng2 64. Bd1 1/2-1/2

[Event "Smederevska Palanka"]
[Site "Smederevska Palanka"]
[Date "1979.06.05"]
[Round "4"]
[White "Velimirovic, Dragoljub"]
[Black "Rajkovic, Dusan"]
[Result "1/2-1/2"]
[WhiteElo "2515"]
[BlackElo "2460"]
[PlyCount "92"]
[EventDate "1979.06.??"]
[EventType "tourn"]
[EventRounds "13"]
[EventCountry "YUG"]
[EventCategory "8"]
[Source "ChessBase"]
[SourceDate "2000.11.22"]
[WhiteTeamCountry "NED"]
[BlackTeamCountry "YUG"]

1. e4 c5 2. Nf3 e6 3. d4 cxd4 4. Nxd4 Nc6 5. Nc3 a6 6. Bf4 d6 7. Nf3 b5 8. e5
dxe5 9. Qxd8+ Nxd8 10. Nxe5 f6 11. Nd3 Bb7 12. O-O-O Rc8 13. Be3 Nh6 14. f3 Nf5
15. Bf2 e5 16. Ne4 Ne6 17. Kb1 Bxe4 18. fxe4 Nd6 19. Re1 Rc4 20. Be2 Nxe4 21.
Nxe5 fxe5 22. Bxc4 Nd2+ 23. Ka1 Nxc4 24. b3 Nd6 25. Rxe5 Kd7 26. Rd1 Be7 27.
Kb1 Nd8 28. c4 bxc4 29. bxc4 N8f7 30. Re3 Rb8+ 31. Rb3 Rxb3+ 32. axb3 Kc6 33.
Bd4 g6 34. Kc2 Nb7 35. Re1 Bd6 36. h3 a5 37. Bc3 Kd7 38. Ra1 Bc7 39. Rf1 Nbd6
40. c5 Nf5 41. Kd3 Ng5 42. Ra1 Ne6 43. Bxa5 Nxc5+ 44. Kc4 Bd6 45. Re1 h5 46.
Bd2 Ne6 1/2-1/2

[Event "Smederevska Palanka"]
[Site "Smederevska Palanka"]
[Date "1979.06.06"]
[Round "5"]
[White "Ciocaltea, Victor"]
[Black "Velimirovic, Dragoljub"]
[Result "1/2-1/2"]
[WhiteElo "2430"]
[BlackElo "2515"]
[PlyCount "47"]
[EventDate "1979.06.??"]
[EventType "tourn"]
[EventRounds "13"]
[EventCountry "YUG"]
[EventCategory "8"]
[Source "ChessBase"]
[SourceDate "2000.11.22"]
[WhiteTeamCountry "NED"]
[BlackTeamCountry "YUG"]

1. e4 e5 2. Nf3 Nc6 3. Bb5 a6 4. Ba4 Nf6 5. O-O Be7 6. Re1 b5 7. Bb3 O-O 8. c3
d5 9. d4 Nxe4 10. Nxe5 Nxe5 11. dxe5 Bb7 12. Be3 c5 13. Nd2 Nxd2 14. Qxd2 Qb6
15. Rad1 Rad8 16. Bg5 Rfe8 17. Bc2 d4 18. Bxe7 Rxe7 19. cxd4 Rxd4 20. Qg5 Red7
21. Rxd4 Rxd4 22. e6 fxe6 23. Bxh7+ Kxh7 24. Qh5+ 1/2-1/2

[Event "Smederevska Palanka"]
[Site "Smederevska Palanka"]
[Date "1979.06.??"]
[Round "6"]
[White "Velimirovic, Dragoljub"]
[Black "Ristic, Nenad"]
[Result "1-0"]
[WhiteElo "2515"]
[BlackElo "2240"]
[PlyCount "95"]
[EventDate "1979.06.??"]
[EventType "tourn"]
[EventRounds "13"]
[EventCountry "YUG"]
[EventCategory "8"]
[Source "ChessBase"]
[SourceDate "2000.11.22"]
[WhiteTeamCountry "NED"]
[BlackTeamCountry "YUG"]

1. e4 c5 2. Nf3 d6 3. d4 cxd4 4. Nxd4 Nf6 5. Nc3 g6 6. Be2 Bg7 7. h4 h5 8. f3
Nc6 9. Be3 O-O 10. Qd2 d5 11. Nxc6 bxc6 12. e5 Nd7 13. f4 f6 14. O-O-O Qa5 15.
e6 Nb6 16. g4 Na4 17. f5 Rd8 18. Ne4 Qxd2+ 19. Rxd2 hxg4 20. Ng3 gxf5 21. Nxf5
Bxe6 22. Nxe7+ Kf7 23. Nxc6 Re8 24. Bb5 Nb6 25. Nd4 Bd7 26. Bxd7 Nxd7 27. Nf5
Rxe3 28. Nxe3 Bh6 29. Nxg4 Bxd2+ 30. Kxd2 Ne5 31. Nxe5+ fxe5 32. h5 Rg8 33. Rh2
Rg4 34. h6 Kg8 35. Rh5 Rg2+ 36. Kc3 d4+ 37. Kd3 e4+ 38. Kxe4 Rxc2 39. b4 Rxa2
40. Kxd4 Rc2 41. Rg5+ Kh8 42. Rg7 Rd2+ 43. Kc3 Ra2 44. b5 Ra1 45. Rb7 a6 46. b6
Rb1 47. Kc4 Rb5 48. Kd4 1-0

[Event "Smederevska Palanka"]
[Site "Smederevska Palanka"]
[Date "1979.06.??"]
[Round "7"]
[White "Ermenkov, Evgenij"]
[Black "Velimirovic, Dragoljub"]
[Result "1/2-1/2"]
[WhiteElo "2495"]
[BlackElo "2515"]
[PlyCount "53"]
[EventDate "1979.06.??"]
[EventType "tourn"]
[EventRounds "13"]
[EventCountry "YUG"]
[EventCategory "8"]
[Source "ChessBase"]
[SourceDate "2000.11.22"]
[WhiteTeamCountry "NED"]
[BlackTeamCountry "YUG"]

1. e4 c5 2. Nf3 d6 3. d4 cxd4 4. Nxd4 Nf6 5. Nc3 g6 6. Be2 Bg7 7. O-O O-O 8.
Be3 Nc6 9. Qd2 Bd7 10. f4 Nxd4 11. Bxd4 Bc6 12. Bf3 Nd7 13. Nd5 Bxd4+ 14. Qxd4
e5 15. fxe5 Bxd5 16. Qxd5 Qb6+ 17. Kh1 Nxe5 18. Qb3 Qc6 19. Rad1 Rfe8 20. Rd4
Re6 21. Be2 Rc8 22. c3 a6 23. Qd1 Kg7 24. Bg4 Nxg4 25. Qxg4 Rce8 26. Qf4 R8e7
27. h3 1/2-1/2

[Event "Smederevska Palanka"]
[Site "Smederevska Palanka"]
[Date "1979.06.??"]
[Round "8"]
[White "Vukovic, Milosav"]
[Black "Velimirovic, Dragoljub"]
[Result "0-1"]
[WhiteElo "2360"]
[BlackElo "2515"]
[PlyCount "52"]
[EventDate "1979.06.??"]
[EventType "tourn"]
[EventRounds "13"]
[EventCountry "YUG"]
[EventCategory "8"]
[Source "ChessBase"]
[SourceDate "2000.11.22"]
[WhiteTeamCountry "NED"]
[BlackTeamCountry "YUG"]

1. d4 Nf6 2. c4 c5 3. d5 g6 4. Nc3 Bg7 5. e4 O-O 6. Nf3 d6 7. h3 e6 8. Bd3 exd5
9. exd5 Re8+ 10. Be3 b5 11. Nxb5 Ne4 12. Qc2 a6 13. Bxe4 axb5 14. O-O bxc4 15.
Bg5 Qb6 16. Qxc4 Ba6 17. Qa4 Nd7 18. Rfe1 Nf6 19. Bc2 Bb7 20. Qh4 Nxd5 21. Bb3
Nc7 22. Bf6 Bxf3 23. Bxg7 Kxg7 24. gxf3 d5 25. Qf4 c4 26. Bc2 Rxa2 0-1

[Event "Smederevska Palanka"]
[Site "Smederevska Palanka"]
[Date "1979.06.??"]
[Round "9"]
[White "Velimirovic, Dragoljub"]
[Black "Schussler, Harry"]
[Result "1-0"]
[WhiteElo "2515"]
[BlackElo "2460"]
[PlyCount "57"]
[EventDate "1979.06.??"]
[EventType "tourn"]
[EventRounds "13"]
[EventCountry "YUG"]
[EventCategory "8"]
[Source "ChessBase"]
[SourceDate "2000.11.22"]
[WhiteTeamCountry "NED"]
[BlackTeamCountry "YUG"]

1. e4 e5 2. Nf3 Nf6 3. Nxe5 d6 4. Nf3 Nxe4 5. d4 d5 6. Bd3 Be7 7. O-O Nc6 8. c4
Nf6 9. Nc3 O-O 10. h3 Nb4 11. Be2 c5 12. a3 Nc6 13. dxc5 dxc4 14. Be3 Na5 15.
Qc2 Bd7 16. Rad1 Qc7 17. Ng5 g6 18. Nge4 Bf5 19. Nxf6+ Bxf6 20. Qa4 Bxc3 21.
bxc3 Rfd8 22. Rd6 Bd3 23. Bxd3 cxd3 24. Qf4 Rxd6 25. cxd6 Qc4 26. Qf6 Qe6 27.
Bd4 Qxf6 28. Bxf6 Nc6 29. d7 1-0

[Event "Smederevska Palanka"]
[Site "Smederevska Palanka"]
[Date "1979.06.??"]
[Round "10"]
[White "Radulov, Ivan"]
[Black "Velimirovic, Dragoljub"]
[Result "1/2-1/2"]
[WhiteElo "2485"]
[BlackElo "2515"]
[PlyCount "94"]
[EventDate "1979.06.??"]
[EventType "tourn"]
[EventRounds "13"]
[EventCountry "YUG"]
[EventCategory "8"]
[Source "ChessBase"]
[SourceDate "2000.11.22"]
[WhiteTeamCountry "NED"]
[BlackTeamCountry "YUG"]

1. e4 c5 2. Nf3 d6 3. Bb5+ Bd7 4. Bxd7+ Qxd7 5. O-O Nc6 6. c3 Nf6 7. Qe2 e6 8.
d4 cxd4 9. cxd4 d5 10. e5 Ne4 11. Nbd2 Nxd2 12. Bxd2 Be7 13. Qd3 h6 14. Ne1 O-O
15. f4 f6 16. exf6 Rxf6 17. Nf3 Bd6 18. Ne5 Bxe5 19. fxe5 Rxf1+ 20. Rxf1 Rf8
21. Rxf8+ Kxf8 22. b4 Kg8 23. b5 Ne7 24. Bb4 Nc8 25. Bc5 Qf7 26. Qf1 Qe8 27. h3
Nb6 28. Bxb6 axb6 29. Qd3 Qc8 30. Kf2 Kf7 31. Qf3+ Ke7 32. Qa3+ Kf7 33. Qf3+
Kg8 34. Qd3 Qc1 35. a3 Kf7 36. Qf3+ Ke7 37. Qd3 Kd7 38. Qg6 Qf4+ 39. Ke2 Qf8
40. Qg3 Kc7 41. Qf3 Qe8 42. a4 Qg6 43. Qg4 Qc2+ 44. Ke1 Qc3+ 45. Ke2 Qb2+ 46.
Ke1 Qb4+ 47. Ke2 Qe7 1/2-1/2

[Event "Smederevska Palanka"]
[Site "Smederevska Palanka"]
[Date "1979.06.??"]
[Round "12"]
[White "Ljubisavljevic, Zivojin Z"]
[Black "Velimirovic, Dragoljub"]
[Result "0-1"]
[WhiteElo "2415"]
[BlackElo "2515"]
[PlyCount "84"]
[EventDate "1979.06.??"]
[EventType "tourn"]
[EventRounds "13"]
[EventCountry "YUG"]
[EventCategory "8"]
[Source "ChessBase"]
[SourceDate "2000.11.22"]
[WhiteTeamCountry "NED"]
[BlackTeamCountry "YUG"]

1. d4 Nf6 2. Bf4 c5 3. e3 e6 4. Nd2 b6 5. Ngf3 Be7 6. c3 Nh5 7. Bg3 Bb7 8. Bd3
Nc6 9. Qe2 g6 10. Nc4 Nxg3 11. hxg3 b5 12. Ncd2 cxd4 13. exd4 b4 14. Kf1 bxc3
15. bxc3 Qc7 16. Ne4 Rc8 17. g4 Na5 18. Rc1 Qf4 19. Qd2 Qxd2 20. Nexd2 O-O 21.
Ke2 Rc7 22. Rh6 Kg7 23. Rch1 Rh8 24. c4 Nc6 25. Ke3 Nb4 26. Bb1 Rcc8 27. Ne5 d6
28. Nd3 Nc6 29. f4 Na5 30. Nb2 e5 31. Be4 exf4+ 32. Kd3 Bxe4+ 33. Nxe4 Nc6 34.
Rb1 d5 35. cxd5 Nb4+ 36. Ke2 Nxd5 37. Nd1 Rc4 38. Kd3 Rhc8 39. Nc5 Rb4 40. Nb3
a5 41. Rh1 a4 42. Nd2 Bf6 0-1

[Event "Smederevska Palanka"]
[Site "Smederevska Palanka"]
[Date "1979.06.??"]
[Round "13"]
[White "Velimirovic, Dragoljub"]
[Black "Jansa, Vlastimil"]
[Result "1/2-1/2"]
[WhiteElo "2515"]
[BlackElo "2495"]
[PlyCount "135"]
[EventDate "1979.06.??"]
[EventType "tourn"]
[EventRounds "13"]
[EventCountry "YUG"]
[EventCategory "8"]
[Source "ChessBase"]
[SourceDate "2000.11.22"]
[WhiteTeamCountry "NED"]
[BlackTeamCountry "YUG"]

1. e4 c5 2. Nf3 Nc6 3. d4 cxd4 4. Nxd4 e6 5. Nc3 a6 6. Bf4 d6 7. Nf3 b5 8. e5
dxe5 9. Qxd8+ Nxd8 10. Bxe5 Bb7 11. O-O-O Nf6 12. Nd2 Nc6 13. Bf4 Nb4 14. a4
Nfd5 15. Nxd5 Nxd5 16. Bg3 bxa4 17. Nc4 Rc8 18. Nd6+ Bxd6 19. Bxd6 f6 20. Rd4
Kf7 21. Rxa4 Rhd8 22. Ba3 Nc7 23. Rb4 Nb5 24. f3 Bc6 25. Be2 Nxa3 26. bxa3 a5
27. Rc4 Bd5 28. Rxc8 Rxc8 29. Bd3 h5 30. h4 Bc4 31. Kd2 Rd8 32. Re1 Bxd3 33.
cxd3 Rb8 34. Kc2 Ke7 35. Re4 Rb7 36. Kc3 Kd6 37. Rd4+ Kc6 38. g4 hxg4 39. fxg4
e5 40. Rd8 Kc5 41. Rc8+ Kb5 42. Rc4 Rd7 43. Re4 Rc7+ 44. Kd2 Rc5 45. h5 Kc6 46.
g5 fxg5 47. Rg4 Kd5 48. Rxg5 Rc7 49. Rg6 Rf7 50. Kc3 Rc7+ 51. Kb3 Rd7 52. Rg4
Rf7 53. Kc3 Rc7+ 54. Kd2 Rb7 55. Ke3 Rf7 56. Ra4 Ra7 57. Kf3 Rf7+ 58. Ke2 Ra7
59. Ke3 Ke6 60. Rc4 Ra8 61. Rc6+ Kd5 62. Rg6 Rh8 63. Rg5 a4 64. Kd2 Rh6 65. Kc3
Rb6 66. Rxg7 Rb3+ 67. Kd2 Rxa3 68. Ke3 1/2-1/2

[Event "Vrbas"]
[Site "Vrbas"]
[Date "1980.??.??"]
[Round "?"]
[White "Adorjan, Andras"]
[Black "Velimirovic, Dragoljub"]
[Result "1-0"]
[WhiteElo "2550"]
[BlackElo "2515"]
[PlyCount "91"]
[EventDate "1980.??.??"]
[EventType "tourn"]
[EventRounds "11"]
[EventCountry "YUG"]
[Source "ChessBase"]
[SourceDate "1998.11.10"]
[WhiteTeamCountry "NED"]
[BlackTeamCountry "YUG"]

1. c4 c5 2. Nf3 g6 3. d4 cxd4 4. Nxd4 Nc6 5. e4 Bg7 6. Be3 Nf6 7. Nc3 d6 8. Be2
Nd7 9. O-O Nc5 10. Rc1 O-O 11. Re1 Bd7 12. Bf1 Nxd4 13. Bxd4 a5 14. Bxg7 Kxg7
15. e5 Bc6 16. Qd4 f6 17. exd6 Qxd6 18. Rcd1 Qxd4 19. Rxe7+ Kg8 20. Rxd4 Rad8
21. Rxd8 Rxd8 22. b3 Kf8 23. Re2 Rd4 24. f3 g5 25. Kf2 g4 26. fxg4 a4 27. Nxa4
Nxa4 28. bxa4 Rf4+ 29. Kg1 Rxc4 30. Re8+ Bxe8 31. Bxc4 Bxa4 32. Kf2 Bc6 33. Bd3
h6 34. g3 Bd5 35. a3 b6 36. Ke3 Ke7 37. Kf4 Be6 38. h4 Kd6 39. g5 hxg5+ 40.
hxg5 fxg5+ 41. Kxg5 Ke5 42. g4 Bd7 43. Kh5 Kd4 44. Bf5 Be8+ 45. Kh6 Kc3 46. Kg7
1-0

[Event "Vrbas"]
[Site "Vrbas"]
[Date "1980.??.??"]
[Round "?"]
[White "Velimirovic, Dragoljub"]
[Black "Bukic, Enver"]
[Result "1-0"]
[WhiteElo "2515"]
[BlackElo "2500"]
[Annotator "ChessBase"]
[PlyCount "81"]
[EventDate "1980.??.??"]
[EventType "tourn"]
[EventRounds "11"]
[EventCountry "YUG"]
[Source "ChessBase"]
[SourceDate "1998.11.10"]
[WhiteTeamCountry "NED"]
[BlackTeamCountry "YUG"]

1. e4 c5 2. Nf3 e6 3. d4 cxd4 4. Nxd4 Nc6 5. Nc3 a6 6. Be2 Nge7 7. Be3 Nxd4 8.
Qxd4 b5 9. O-O Nc6 10. Qd2 Be7 11. Rad1 O-O 12. f4 d6 13. Bd3 Bb7 $6 (13... Rb8
$5) (13... Qc7 $5) 14. Qf2 Qe8 15. Qg3 Nb4 16. f5 exf5 17. Bd4 f6 18. Rxf5 Rc8
19. Rdf1 Qg6 20. Qe3 Rce8 21. a3 Nxd3 22. cxd3 Bc8 23. R5f3 Be6 24. Ne2 Rc8 25.
Bc3 Qg5 26. Nf4 Bf7 27. Bb4 Qg4 28. Qa7 Rce8 29. Rc1 f5 30. Bc3 Bg5 31. Rcf1
fxe4 32. Rg3 Qh4 33. Qd4 $1 Qh6 34. Nh3 Be3+ 35. Qxe3 Qxe3+ 36. Rxe3 exd3 37.
Rxd3 Bc4 38. Rxf8+ Rxf8 39. Rd1 d5 40. Ng5 Bb3 41. Re1 1-0

[Event "Vrbas"]
[Site "Vrbas"]
[Date "1980.??.??"]
[Round "?"]
[White "Velimirovic, Dragoljub"]
[Black "Ivanovic, Bozidar"]
[Result "1-0"]
[WhiteElo "2515"]
[BlackElo "2440"]
[PlyCount "115"]
[EventDate "1980.??.??"]
[EventType "tourn"]
[EventRounds "11"]
[EventCountry "YUG"]
[Source "ChessBase"]
[SourceDate "1998.11.10"]
[WhiteTeamCountry "NED"]
[BlackTeamCountry "YUG"]

1. e4 c5 2. Nf3 Nc6 3. d4 cxd4 4. Nxd4 Nf6 5. Nc3 d6 6. Bc4 e6 7. Be3 a6 8. Qe2
Qc7 9. Bb3 Bd7 10. O-O-O Na5 11. g4 Nxb3+ 12. axb3 b5 13. g5 b4 14. gxf6 bxc3
15. fxg7 Bxg7 16. Rhg1 Bf6 17. bxc3 Qxc3 18. Kb1 a5 19. Rg3 Qb4 20. Bc1 a4 21.
Bb2 axb3 22. Rxb3 Qa5 23. Ra3 Qxa3 24. Bxa3 Rxa3 25. Nb3 Ke7 26. f4 Bc3 27. Qd3
Bb4 28. Qg3 Rha8 29. Qg5+ Kf8 30. Qf6 Bc6 31. Qd4 R3a4 32. f5 e5 33. Qe3 Bxe4
34. f6 Bg6 35. Rg1 Ra2 36. Rxg6 hxg6 37. Qh6+ Ke8 38. Qg7 Bc3 39. Qg8+ Kd7 40.
Qxf7+ Kd8 41. Qg8+ Kd7 42. Qf7+ Kc6 43. Qc4+ Kd7 44. Qxc3 Ke6 45. Qd3 R2a4 46.
Qxg6 Rf4 47. h4 Rxf6 48. Nd4+ Ke7 49. Nc6+ Ke6 50. Qg4+ Kd5 51. Ne7+ Kc5 52.
Qg1+ Kc4 53. Qb6 Rh8 54. Kb2 Rhf8 55. Qc6+ Kd4 56. Qc3+ Ke4 57. Qd3+ Kf4 58.
Ng6+ 1-0

[Event "Vrbas"]
[Site "Vrbas"]
[Date "1980.??.??"]
[Round "?"]
[White "Velimirovic, Dragoljub"]
[Black "Sax, Gyula"]
[Result "0-1"]
[WhiteElo "2515"]
[BlackElo "2570"]
[PlyCount "78"]
[EventDate "1980.??.??"]
[EventType "tourn"]
[EventRounds "11"]
[EventCountry "YUG"]
[Source "ChessBase"]
[SourceDate "1998.11.10"]
[WhiteTeamCountry "NED"]
[BlackTeamCountry "YUG"]

1. e4 c5 2. Nf3 d6 3. d4 cxd4 4. Nxd4 Nf6 5. Nc3 g6 6. Be3 Bg7 7. f3 Nc6 8. Qd2
O-O 9. O-O-O Be6 10. Kb1 Qc8 11. h4 Rd8 12. Nxe6 fxe6 13. Bh6 Bh8 14. h5 Ne5
15. hxg6 Nxg6 16. g4 d5 17. g5 Ne8 18. Bh3 Bxc3 19. bxc3 dxe4 20. Qe3 Qc6 21.
fxe4 Nc7 22. Ka1 Nb5 23. Rxd8+ Rxd8 24. Rf1 Na3 25. Qf3 Kh8 26. c4 Nxc2+ 27.
Kb2 Nd4 28. Qd3 Qd6 29. Qc3 Qh2+ 30. Ka1 e5 31. Bf5 Qe2 32. Rh1 Rd6 33. c5 Ra6
34. Qb2 Qd3 35. Qb1 Nc2+ 36. Kb2 Ra4 37. Qd1 Rb4+ 38. Kc1 Qa3+ 39. Kxc2 Rb2+
0-1

[Event "YUG-ch35"]
[Site "Skender Vakuf"]
[Date "1980.02.19"]
[Round "1"]
[White "Velimirovic, Dragoljub"]
[Black "Ristic, Nenad"]
[Result "1-0"]
[WhiteElo "2515"]
[BlackElo "2325"]
[PlyCount "61"]
[EventDate "1980.02.19"]
[EventType "swiss"]
[EventRounds "15"]
[EventCountry "YUG"]
[Source "ChessBase"]
[SourceDate "2003.11.25"]
[WhiteTeamCountry "URS"]
[BlackTeamCountry "YUG"]

1. e4 c5 2. Nf3 Nc6 3. d4 cxd4 4. Nxd4 e5 5. Nb5 a6 6. Nd6+ Bxd6 7. Qxd6 Qf6 8.
Qxf6 Nxf6 9. Nc3 Nb4 10. Kd2 d5 11. a3 d4 12. axb4 dxc3+ 13. Ke3 Ng4+ 14. Ke2
f5 15. bxc3 Nf6 16. Ra5 Nxe4 17. f3 Nd6 18. Rxe5+ Kf7 19. Kf2 b5 20. Rc5 Be6
21. Rc7+ Kf6 22. Be3 Nf7 23. Bd4+ Kg6 24. Rc6 Nd8 25. Rb6 Kf7 26. Bd3 a5 27.
Rxb5 a4 28. Ra1 Bd7 29. Bc4+ Ne6 30. Rb7 Ke8 31. Re1 1-0

[Event "YUG-ch35"]
[Site "Skender Vakuf"]
[Date "1980.02.??"]
[Round "2"]
[White "Sahovic, Dragutin"]
[Black "Velimirovic, Dragoljub"]
[Result "1/2-1/2"]
[WhiteElo "2485"]
[BlackElo "2515"]
[PlyCount "83"]
[EventDate "1980.02.19"]
[EventType "swiss"]
[EventRounds "15"]
[EventCountry "YUG"]
[Source "ChessBase"]
[SourceDate "2003.11.25"]
[WhiteTeamCountry "URS"]
[BlackTeamCountry "YUG"]

1. d4 c5 2. c3 e6 3. Nf3 Nf6 4. e3 b6 5. Nbd2 Ba6 6. Bxa6 Nxa6 7. Qe2 Qc8 8.
O-O Be7 9. e4 cxd4 10. Nxd4 Nc5 11. e5 Nd5 12. N2f3 O-O 13. c4 Nc7 14. Bg5 f6
15. exf6 gxf6 16. Bh6 Rf7 17. Rad1 Bf8 18. Bc1 a5 19. Rfe1 Qb7 20. g3 Rb8 21.
Bd2 d5 22. cxd5 Qxd5 23. b3 e5 24. Nf5 Qd3 25. Nh6+ Bxh6 26. Bxh6 Qxe2 27. Rxe2
N7e6 28. Red2 Rc7 29. Be3 Rbb7 30. Rd6 Rd7 31. R1d5 Kf7 32. Nh4 Rxd6 33. Rxd6
a4 34. bxa4 Nxa4 35. Nf5 Ng7 36. Nh6+ Ke7 37. Rc6 Ne8 38. Rc4 b5 39. Rc6 Rc7
40. Ra6 Kd7 41. Ra5 Nc3 42. Bb6 1/2-1/2

[Event "YUG-ch35"]
[Site "Skender Vakuf"]
[Date "1980.02.??"]
[Round "3"]
[White "Velimirovic, Dragoljub"]
[Black "Hulak, Krunoslav"]
[Result "0-1"]
[WhiteElo "2515"]
[BlackElo "2450"]
[PlyCount "144"]
[EventDate "1980.02.19"]
[EventType "swiss"]
[EventRounds "15"]
[EventCountry "YUG"]
[Source "ChessBase"]
[SourceDate "2003.11.25"]
[WhiteTeamCountry "URS"]
[BlackTeamCountry "YUG"]

1. e4 c5 2. Nf3 e6 3. d4 cxd4 4. Nxd4 a6 5. Bd3 Nf6 6. O-O d6 7. Kh1 Be7 8. f4
Nbd7 9. c4 Nc5 10. Nc3 Nxd3 11. Qxd3 O-O 12. e5 Ne8 13. Be3 Qc7 14. exd6 Bxd6
15. Rad1 Bd7 16. f5 Rc8 17. Ne4 Qxc4 18. Qb1 exf5 19. Nxf5 Bxf5 20. Rxf5 Rc6
21. Bd4 f6 22. Bc3 Bc7 23. Rdf1 Re6 24. Ng5 Qh4 25. Nf3 Qe4 26. Qxe4 Rxe4 27.
Rd5 Rf7 28. g3 Re6 29. Rfd1 h6 30. Bb4 f5 31. Nd4 Re4 32. a3 g6 33. Nf3 Nf6 34.
Rc5 Re3 35. Rdc1 Ne8 36. Rf1 Bd6 37. Rc4 Bxb4 38. Rxb4 Kg7 39. Kg2 Rd7 40. Rf2
Nf6 41. Rc2 Re6 42. Nd4 Red6 43. Nf3 Re7 44. h3 Nd5 45. Rd2 Ne3+ 46. Kf2 Nd1+
47. Kf1 Ne3+ 48. Kf2 Rxd2+ 49. Nxd2 Nd1+ 50. Kf1 Ne3+ 51. Kf2 Nd5 52. Rd4 Nf6
53. Rb4 Nd5 54. Rd4 Rd7 55. Nb3 b6 56. a4 Nf6 57. Rxd7+ Nxd7 58. a5 b5 59. Ke3
Kf6 60. Nc1 Ke5 61. Nd3+ Kd6 62. Kd4 Nf8 63. h4 Ne6+ 64. Ke3 g5 65. hxg5 hxg5
66. Nb4 Nc5 67. Kd4 Nb3+ 68. Kd3 Nxa5 69. Nxa6 Nc4 70. b3 Na5 71. Kc3 Nxb3 72.
Kxb3 f4 0-1

[Event "YUG-ch35"]
[Site "Skender Vakuf"]
[Date "1980.02.??"]
[Round "4"]
[White "Majeric, Zoran"]
[Black "Velimirovic, Dragoljub"]
[Result "1-0"]
[WhiteElo "2210"]
[BlackElo "2515"]
[PlyCount "131"]
[EventDate "1980.02.19"]
[EventType "swiss"]
[EventRounds "15"]
[EventCountry "YUG"]
[Source "ChessBase"]
[SourceDate "2003.11.25"]
[WhiteTeamCountry "URS"]
[BlackTeamCountry "YUG"]

1. e4 e5 2. Nc3 Nf6 3. g3 Bc5 4. Bg2 Nc6 5. Nge2 d6 6. O-O h5 7. Na4 h4 8. Nxc5
dxc5 9. d3 hxg3 10. fxg3 Bg4 11. Be3 Nd4 12. Bxd4 cxd4 13. c3 dxc3 14. bxc3 Qd6
15. d4 Nd7 16. Rf2 Qh6 17. Bh1 Qe3 18. Qc1 Qd3 19. Qb2 O-O-O 20. Nc1 Qe3 21.
Qd2 Qxd2 22. Rxd2 Nb6 23. Nb3 Be6 24. d5 Bg4 25. Na5 Na4 26. c4 Rh6 27. Rc1 b6
28. Nb3 c5 29. Rf2 f6 30. Nd2 a6 31. Nf1 b5 32. Ne3 Bd7 33. a3 Kc7 34. Bf3 Kd6
35. Bg4 Bxg4 36. Nxg4 Rhh8 37. Ne3 Rd7 38. h4 Kc7 39. Kg2 Kb6 40. Rfc2 Rc8 41.
Rb1 Ka5 42. Rb3 Rb8 43. Rc1 Rb6 44. Rcb1 g6 45. g4 Rh7 46. Kg3 Rh8 47. Kh3 f5
48. exf5 gxf5 49. Nxf5 bxc4 50. Rxb6 Nxb6 51. Ne7 c3 52. Rc1 Re8 53. d6 Kb5 54.
g5 Kc4 55. g6 Nd7 56. h5 Rh8 57. Kh4 Nf6 58. h6 Rxh6+ 59. Kg5 Rxg6+ 60. Kxg6
Nd7 61. Kf5 Kd3 62. Nd5 c2 63. Nf6 Nb6 64. Ne4 c4 65. Kxe5 c3 66. Nc5+ 1-0